| 000 | 01122nam a22003495a 4500 | ||
|---|---|---|---|
| 001 | 014490008 | ||
| 003 | EG-ScBUE | ||
| 005 | 20230314123229.0 | ||
| 008 | 931213s1993 ja a f b 001 0 eng d | ||
| 020 | _a9780804817301 | ||
| 020 | _a0804817308 | ||
| 040 |
_aABJ _beng _erda _cABJ _dBRL _dOCL _dOCLCQ _dBAKER _dNZWPM _dUk _dEG-ScBUE |
||
| 043 | _aa-ja--- | ||
| 082 | 0 | 4 |
_a792.0952 _222 _bCAV |
| 100 | 1 | 0 |
_aCavaye, Ronald, _d1951- _eauthor. |
| 245 | 1 | 0 |
_aKabuki : _ba pocket guide / _cRonald Cavaye ; photographs by Tomoko Ogawa. |
| 250 | _aFirst edition. | ||
| 264 | 1 |
_aTokyo : _bThe Charles E. Tuttle Company, Inc., _c1993. |
|
| 300 |
_a184 pages : _billustrations ; _c19 cm |
||
| 336 |
_2rdacontent _atext _btxt |
||
| 337 |
_2rdamedia _aunmediated _bn |
||
| 338 |
_2rdacarrier _avolume _bnc |
||
| 504 | _aIncludes bibliographical references and index. | ||
| 650 | 7 |
_aKabuki _zJapan. _2BUEsh |
|
| 650 | 7 |
_aTheater _zJapan. _2BUEsh |
|
| 651 | _2BUEsh | ||
| 653 |
_bGGEN _cJanuary2018 |
||
| 655 | _vReading book | ||
| 700 | 1 |
_aOgawa, Tomoko, _ephotographer. |
|
| 942 |
_2ddc _cBB |
||
| 999 |
_c25888 _d25860 |
||